Cadogan Estates Ltd v McMahon (A.P.) (Record no. 65102)
[ view plain ]
| 000 -LEADER | |
|---|---|
| fixed length control field | 01072cam a2200181 4500 |
| 008 - FIXED-LENGTH DATA ELEMENTS--GENERAL INFORMATION | |
| fixed length control field | 000000n2000 000 0 eng u |
| 035 ## - SYSTEM CONTROL NUMBER | |
| System control number | (Sirsi) u109006 |
| 245 ## - TITLE STATEMENT | |
| Title | Cadogan Estates Ltd v McMahon (A.P.) |
| 260 ## - PUBLICATION, DISTRIBUTION, ETC. | |
| Date of publication, distribution, etc. | 2000 |
| 520 ## - SUMMARY, ETC. | |
| Summary, etc. | HL 26 October 2000. A re-entry proviso in a lease enforceable if the tenant becomes bankrupt is an obligation on a tenant not to be made bankrupt. The landlord was entitled to claim possession under the Rent Act 1977 Sched 15 Case 1 in relation to a statutory tenancy which arose on expiry of the contractual term when a breach of this obligation occurred. Appeal dismissed. View HL judgment on http://www.parliament.the-stationeryooffice.co.uk/pa/ld199697/ldjudgmt/ldjudgmt.htm |
| 650 ## - SUBJECT ADDED ENTRY--TOPICAL TERM | |
| Topical term or geographic name entry element | CADOGAN ESTATES LTD V MCMAHON (AP) |
| 650 ## - SUBJECT ADDED ENTRY--TOPICAL TERM | |
| Topical term or geographic name entry element | RENT ACT 1977 S3(1) |
| 650 ## - SUBJECT ADDED ENTRY--TOPICAL TERM | |
| Topical term or geographic name entry element | RENT ACT 1977 SCH 15 PART 1 CASE 1 |
| 650 ## - SUBJECT ADDED ENTRY--TOPICAL TERM | |
| Topical term or geographic name entry element | STATUTORY TENANCY |
| 690 ## - LOCAL SUBJECT ADDED ENTRY--TOPICAL TERM (OCLC, RLIN) | |
| Topical term or geographic name as entry element | LANDLORD AND TENANT-RESIDENTIAL TENANCIES-CASE LAW |
| 856 ## - ELECTRONIC LOCATION AND ACCESS | |
| Uniform Resource Identifier | <a href="https://www.parliament.the-stationeRry-office.co.uk/pa/ld199697/ldjudgmt/l/ldjudgmt.htm">https://www.parliament.the-stationeRry-office.co.uk/pa/ld199697/ldjudgmt/l/ldjudgmt.htm</a> |
| 942 ## - ADDED ENTRY ELEMENTS (KOHA) | |
| Suppress in OPAC | 0 |
| Withdrawn status | Lost status | Source of classification or shelving scheme | Damaged status | Not for loan | Home library | Current library | Shelving location | Date acquired | Total Checkouts | Barcode | Date last seen | Copy number | Price effective from | Koha item type |
|---|---|---|---|---|---|---|---|---|---|---|---|---|---|---|
| Dewey Decimal Classification | Virtual | Virtual | Online | 27/10/2000 | 109006-2001 | 06/08/2019 | 1 | 06/08/2019 | Law report |